[Event "Klaipeda Sea op-A 19th"]
[Site "Klaipeda"]
[Date "2022.07.27"]
[Round "3"]
[White "Barsciauskas, Gintautas"]
[Black "Januseviciute, Donata"]
[Result "1-0"]
[WhiteElo "1409"]
[BlackElo "1435"]
[PlyCount "107"]
[EventDate "2022.07.25"]
[EventType "swiss"]
[EventRounds "7"]
[EventCountry "LTU"]
[SourceTitle "CBM 209 Extra"]
[Source "ChessBase"]
[SourceDate "2022.09.30"]
[SourceVersion "1"]
[SourceVersionDate "2022.09.30"]
[SourceQuality "1"]

1. Nf3 Nf6 2. d4 d5 3. e3 Bg4 4. c4 c6 5. Nc3 Nbd7 6. Be2 dxc4 7. Bxc4 e5 8. dxe5 Nxe5 9. Be2 Qxd1+ 10. Nxd1 Bxf3 11. Bxf3 Bb4+ 12. Ke2 0-0-0 13. a3 Be7 14. Nc3 Nxf3 15. gxf3 Nd5 16. Bd2 Bf6 17. Rac1 Rhe8 18. Nxd5 Rxd5 19. Bc3 Bxc3 20. Rxc3 Red8 21. Rc2 R8d6 22. f4 Rh6 23. Kf3 Rdh5 24. Kg2 Rg6+ 25. Kf1 Rd5 26. Ke2 Rh5 27. Kf1 Kc7 28. h3 a5 29. Rd2 Rd6 30. Rxd6 Kxd6 31. Kg2 Rd5 32. Rb1 b5 33. Kg3 c5 34. e4 Rd3+ 35. f3 c4 36. Kg4 Ke6 37. h4 Rb3 38. f5+ Ke5 39. Rd1 Rxb2 40. Rd5+ Kf6 41. Rd7 Rg2+ 42. Kf4 g6 43. e5+ Kg7 44. e6 Re2 45. Rxf7+ Kg8 46. Rc7 gxf5 47. Kxf5 Re3 48. f4 Rf3 49. Rc8+ Kg7 50. e7 Re3 51. e8Q Rxe8 52. Rxe8 b4 53. axb4 axb4 54. Re4 1-0

[Event "Klaipeda-ch sf"]
[Site "Klaipeda"]
[Date "2022.05.17"]
[Round "5"]
[White "Januseviciute, Donata"]
[Black "Vaseris, Justas"]
[Result "0-1"]
[WhiteElo "1495"]
[BlackElo "1059"]
[PlyCount "68"]
[EventDate "2022.05.03"]
[EventType "swiss"]
[EventRounds "8"]
[EventCountry "LTU"]
[SourceTitle "EXT 2023"]
[Source "ChessBase"]
[SourceDate "2022.10.05"]
[SourceVersion "1"]
[SourceVersionDate "2022.10.05"]
[SourceQuality "1"]

1. Nf3 Nf6 2. b3 d5 3. Bb2 Bg4 4. e3 e6 5. h3 Bh5 6. g4 Bg6 7. d3 c5 8. Bg2 Be7 9. Ne5 Nc6 10. Nxg6 hxg6 11. Nd2 Qc7 12. Qe2 Nb4 13. Nf3 Nc6 14. 0-0 Bd6 15. Ng5 Be5 16. c3 d4 17. cxd4 cxd4 18. f4 Bd6 19. Bxc6+ bxc6 20. Bxd4 Kf8 21. Qf3 Nd5 22. Ne4 Be7 23. Bc5 f5 24. Bxe7+ Qxe7 25. Ng5 fxg4 26. hxg4 Rd8 27. Qe4 Nf6 28. Qxc6 Rxd3 29. Qc8+ Ne8 30. Rfe1 Rh4 31. Nxe6+ Kg8 32. Ng5 Rxe3 33. Rf1 Rg3+ 34. Kf2 Qe3# 0-1

[Event "Klaipeda Rooks Cup"]
[Site "Klaipeda"]
[Date "2022.04.05"]
[Round "7"]
[White "Januseviciute, Donata"]
[Black "Barsciauskas, Gintautas"]
[Result "1-0"]
[WhiteElo "1501"]
[BlackElo "1531"]
[PlyCount "117"]
[EventDate "2022.03.15"]
[EventType "swiss"]
[EventRounds "8"]
[EventCountry "LTU"]
[SourceTitle "CBM 207 Extra"]
[Source "ChessBase"]
[SourceDate "2022.05.31"]
[SourceVersion "1"]
[SourceVersionDate "2022.05.31"]
[SourceQuality "1"]

1. Nf3 Nf6 2. c4 c5 3. Nc3 Nc6 4. g3 g6 5. Bg2 Bg7 6. 0-0 0-0 7. b3 d5 8. cxd5 Nxd5 9. Bb2 Nxc3 10. Bxc3 e5 11. Qc2 Nd4 12. Bxd4 cxd4 13. Rac1 Rb8 14. Qc7 Bf5 15. Nh4 Qxc7 16. Rxc7 Bc8 17. d3 g5 18. Nf3 h6 19. Nd2 a6 20. Bd5 b5 21. Ne4 Rb6 22. Rfc1 Be6 23. Bxe6 Rxe6 24. R1c6 Rxc6 25. Rxc6 Ra8 26. Nd6 Bf8 27. Nf5 Kh7 28. g4 b4 29. Rc7 Kg6 30. Rc6+ f6 31. Nd6 Bxd6 32. Rxd6 a5 33. Rc6 Ra7 34. Kg2 Rb7 35. Rc5 Ra7 36. Kf3 Ra6 37. Ke4 a4 38. Rc4 axb3 39. axb3 Rb6 40. e3 dxe3 41. fxe3 Rb8 42. d4 exd4 43. exd4 h5 44. gxh5+ Kxh5 45. Kf5 g4 46. Rc7 Rh8 47. d5 Kh4 48. d6 Kh3 49. d7 Rd8 50. Kxf6 Kxh2 51. Ke7 Rh8 52. d8Q Rxd8 53. Kxd8 g3 54. Rh7+ Kg1 55. Kd7 g2 56. Kd6 Kf2 57. Rf7+ Ke2 58. Rg7 Kf2 59. Kc5 1-0

[Event "Klaipeda Rooks Cup"]
[Site "Klaipeda"]
[Date "2022.03.24"]
[Round "4"]
[White "Chacatrian, Ruben"]
[Black "Januseviciute, Donata"]
[Result "0-1"]
[WhiteElo "1142"]
[BlackElo "1501"]
[PlyCount "120"]
[EventDate "2022.03.15"]
[EventType "swiss"]
[EventRounds "8"]
[EventCountry "LTU"]
[SourceTitle "CBM 207 Extra"]
[Source "ChessBase"]
[SourceDate "2022.05.31"]
[SourceVersion "1"]
[SourceVersionDate "2022.05.31"]
[SourceQuality "1"]

1. d4 Nf6 2. Nf3 c5 3. c4 cxd4 4. Nxd4 Nc6 5. Nc3 Qb6 6. Nxc6 bxc6 7. e4 d6 8. Be3 Qxb2 9. Bd2 Qb6 10. Rb1 Qc7 11. Qa4 Bd7 12. Qa6 Bc8 13. Qa4 Nd7 14. Be3 g6 15. Bd4 f6 16. Be2 Bg7 17. 0-0 0-0 18. Qc2 Ne5 19. f4 Nf7 20. Rb2 e5 21. Be3 exf4 22. Bxf4 Be6 23. Rfb1 Rfb8 24. Rxb8+ Rxb8 25. Rd1 Ne5 26. Bxe5 fxe5 27. Qd2 Qb6+ 28. Kh1 Bf8 29. Rb1 Qc7 30. Rf1 Rb7 31. Qg5 Qe7 32. Qg3 Qd8 33. Qf3 Rf7 34. Qe3 Rxf1+ 35. Bxf1 Qa5 36. Qd2 Qb4 37. Qd3 Be7 38. g3 Kg7 39. Kg1 Qc5+ 40. Kg2 Qd4 41. Qxd4 exd4 42. Ne2 c5 43. Nc1 Kf6 44. Kf3 g5 45. g4 Bd8 46. Nb3 a5 47. a4 Bd7 48. h4 gxh4 49. Kf4 Bxa4 50. g5+ Kg6 51. Nd2 Bxg5+ 52. Kg4 Bxd2 53. Kxh4 Bb3 54. Bd3 Kg7 55. Kg4 a4 56. Kf5 a3 57. Bb1 a2 58. Bxa2 Bxa2 59. Ke6 Bf4 60. Kf5 Be5 0-1

[Event "LTU-chT (Women)"]
[Site "Kaunas"]
[Date "2022.03.19"]
[Round "5.3"]
[White "Januseviciute, Donata"]
[Black "Braziunaite, Rasa"]
[Result "1-0"]
[WhiteElo "1501"]
[BlackElo "1583"]
[PlyCount "124"]
[EventDate "2022.03.11"]
[EventType "team-tourn"]
[EventRounds "7"]
[EventCountry "LTU"]
[SourceTitle "EXT 2023"]
[Source "ChessBase"]
[SourceDate "2022.10.05"]
[SourceVersion "1"]
[SourceVersionDate "2022.10.05"]
[SourceQuality "1"]
[WhiteTeam "Klaipeda Klaipedos (W)"]
[BlackTeam "Panevezio (W)"]
[WhiteTeamCountry "LTU"]
[BlackTeamCountry "LTU"]

1. d4 f5 2. g3 Nf6 3. Bg2 e6 4. Nf3 d5 5. 0-0 Bd6 6. b3 0-0 7. a4 a5 8. Ba3 Na6 9. Bxd6 Qxd6 10. Na3 c6 11. Ne5 Ng4 12. Nd3 Nb4 13. h3 Nxd3 14. exd3 Nf6 15. c3 Bd7 16. Qe2 Rae8 17. Qe5 Qb8 18. Qxb8 Rxb8 19. Rfe1 b5 20. axb5 cxb5 21. c4 bxc4 22. bxc4 Rb3 23. Bf1 Rfb8 24. Reb1 Rxb1 25. Rxb1 Rb4 26. Be2 Rxb1+ 27. Nxb1 Ba4 28. c5 Kf7 29. Kf1 Ke7 30. Ke1 Kd7 31. f4 Ne8 32. Nc3 Bc6 33. Bd1 Nc7 34. Kd2 Na6 35. Na4 Nb4 36. Bb3 Kc7 37. Nc3 Be8 38. Ba4 Bxa4 39. Nxa4 Nc6 40. Kc3 h6 41. h4 Nd8 42. Kb3 Kc6 43. Nc3 Kb7 44. Ka4 Nc6 45. Nb5 Kc8 46. Nd6+ Kd7 47. Nb5 Ke7 48. Kb3 Kf6 49. Kc3 g5 50. h5 gxf4 51. gxf4 Ke7 52. Nd6 Nb8 53. Kb3 Nc6 54. Kc3 Kf8 55. Nb5 Nb8 56. Nd6 Ke7 57. Nc8+ Kf8 58. Na7 Ke8 59. Kb3 Nd7 60. Ka4 Nf6 61. Kxa5 Nxh5 62. c6 Ke7 1-0

[Event "LTU-chT (Women)"]
[Site "Kaunas"]
[Date "2022.03.19"]
[Round "6.3"]
[White "Sitkauskaite, Leva"]
[Black "Januseviciute, Donata"]
[Result "1/2-1/2"]
[WhiteElo "1435"]
[BlackElo "1501"]
[PlyCount "108"]
[EventDate "2022.03.11"]
[EventType "team-tourn"]
[EventRounds "7"]
[EventCountry "LTU"]
[SourceTitle "EXT 2023"]
[Source "ChessBase"]
[SourceDate "2022.10.05"]
[SourceVersion "1"]
[SourceVersionDate "2022.10.05"]
[SourceQuality "1"]
[WhiteTeam "Vilnius Tauras (W)"]
[BlackTeam "Klaipeda Klaipedos (W)"]
[WhiteTeamCountry "LTU"]
[BlackTeamCountry "LTU"]

1. e4 d5 2. exd5 Qxd5 3. Nc3 Qa5 4. d4 c6 5. Nf3 Nf6 6. Bd2 Qc7 7. Bc4 Bg4 8. h3 Bh5 9. g4 Bg6 10. Bb3 e6 11. Qe2 Be7 12. 0-0-0 Nbd7 13. Ne5 0-0-0 14. Nxg6 hxg6 15. f4 Bd6 16. Qf3 Nb6 17. Rhe1 Nbd5 18. Ne2 Ne7 19. Kb1 Kb8 20. c4 c5 21. Be3 b6 22. Nc3 a6 23. d5 exd5 24. Nxd5 Nexd5 25. cxd5 c4 26. Bc2 Bc5 27. Bxc5 Qxc5 28. Re5 Rd6 29. g5 Nd7 30. Re7 Rf8 31. Qg4 Kc7 32. Re5 Nxe5 33. fxe5 Rxd5 34. Rxd5 Qxd5 35. a3 b5 36. Qf4 Kd7 37. Bxg6 Ke7 38. Be4 Qd1+ 39. Ka2 Qb3+ 40. Kb1 Rd8 41. Bc2 Qxh3 42. g6 Qh1+ 43. Ka2 Qd5 44. Qg5+ f6 45. exf6+ gxf6 46. Qe3+ Qe6 47. Qc5+ Qd6 48. Qe3+ Qe6 49. Qc5+ Ke8 50. g7 Kf7 51. Bf5 Qe7 52. Bg6+ Ke6 53. Bf5+ Kf7 54. Bg6+ Ke6 1/2-1/2

[Event "LTU-chT (Women)"]
[Site "Kaunas"]
[Date "2022.03.12"]
[Round "2.3"]
[White "Perminaite, Simona"]
[Black "Januseviciute, Donata"]
[Result "1-0"]
[WhiteElo "1459"]
[BlackElo "1501"]
[PlyCount "119"]
[EventDate "2022.03.11"]
[EventType "team-tourn"]
[EventRounds "7"]
[EventCountry "LTU"]
[SourceTitle "EXT 2023"]
[Source "ChessBase"]
[SourceDate "2022.10.05"]
[SourceVersion "1"]
[SourceVersionDate "2022.10.05"]
[SourceQuality "1"]
[WhiteTeam "Kaunas Margiris (W)"]
[BlackTeam "Klaipeda Klaipedos (W)"]
[WhiteTeamCountry "LTU"]
[BlackTeamCountry "LTU"]

1. e4 d5 2. exd5 Qxd5 3. Nc3 Qa5 4. d4 Nf6 5. Nf3 c6 6. Bd2 Qd8 7. h3 g6 8. Bd3 Bg7 9. 0-0 0-0 10. Ne2 Nbd7 11. c4 Re8 12. Bc3 Qc7 13. Re1 c5 14. Ng3 cxd4 15. Nxd4 a6 16. b4 b6 17. Nb3 Bb7 18. Qc2 Rac8 19. a4 e6 20. a5 b5 21. c5 e5 22. Nd2 Nd5 23. Nde4 Nxc3 24. Nxc3 f5 25. Rad1 Rcd8 26. Nf1 Nf6 27. Qb3+ Qf7 28. Bc2 e4 29. Ne3 Qxb3 30. Bxb3+ Kf8 31. Rxd8 Rxd8 32. Rd1 Rxd1+ 33. Nexd1 f4 34. Kf1 Ke7 35. Ke2 g5 36. g3 h5 37. Ba2 g4 38. h4 fxg3 39. fxg3 Bh6 40. Ne3 Bc8 41. Ncd5+ Nxd5 42. Bxd5 Kf6 43. Bxe4 Bg7 44. Kd3 Kf7 45. Nd5 Be5 46. Nf4 Bxf4 47. gxf4 g3 48. Bg2 Kf6 49. Ke3 Bg4 50. Ke4 Ke6 51. f5+ Bxf5+ 52. Kf4 Bd3 53. Kxg3 Ke5 54. Bb7 Kd4 55. Bxa6 Kc4 56. c6 Kxb4 57. c7 Bf5 58. c8Q Bxc8 59. Bxc8 Kxa5 60. Be6 1-0

[Event "Klaipeda Rumiancev Memorial-B"]
[Site "Klaipeda"]
[Date "2021.07.20"]
[Round "1"]
[White "Bazaras, Jokubas"]
[Black "Januseviciute, Donata"]
[Result "0-1"]
[WhiteElo "1453"]
[BlackElo "1505"]
[PlyCount "50"]
[EventDate "2021.07.20"]
[EventType "swiss"]
[EventRounds "7"]
[EventCountry "LTU"]
[SourceTitle "EXT 2022"]
[Source "ChessBase"]
[SourceDate "2021.10.06"]
[SourceVersion "1"]
[SourceVersionDate "2021.10.06"]
[SourceQuality "1"]

1. e4 e6 2. Nf3 d5 3. exd5 exd5 4. d4 Bd6 5. Bd3 Ne7 6. h3 0-0 7. 0-0 Bf5 8. c3 Nd7 9. Be3 c6 10. Qe2 Re8 11. Nbd2 h6 12. Nh4 Bxd3 13. Qxd3 Nf6 14. Ndf3 Qc7 15. Nf5 Bf4 16. g3 Bxe3 17. Nxe7+ Qxe7 18. Rae1 Bxf2+ 19. Kxf2 Ne4+ 20. Kg2 Qc7 21. Ne5 Re7 22. Qc2 f6 23. Ng6 Qxg3+ 24. Kh1 Qxh3+ 25. Kg1 Qg4+ 0-1

[Event "Klaipeda Rooks Cup"]
[Site "Klaipeda"]
[Date "2020.09.27"]
[Round "5"]
[White "Januseviciute, Donata"]
[Black "Piksrys, Rutenis"]
[Result "1/2-1/2"]
[WhiteElo "1522"]
[BlackElo "1548"]
[PlyCount "120"]
[EventDate "2020.09.20"]
[EventType "swiss"]
[EventRounds "9"]
[EventCountry "LTU"]
[SourceTitle "CBM 198 Extra"]
[Source "ChessBase"]
[SourceDate "2020.11.30"]
[SourceVersion "1"]
[SourceVersionDate "2020.11.30"]
[SourceQuality "1"]

1. d4 Nf6 2. c4 g6 3. Nc3 Bg7 4. e4 d6 5. Bd3 0-0 6. Nge2 e5 7. d5 Nbd7 8. 0-0 c6 9. h3 cxd5 10. cxd5 Nc5 11. Bc2 a5 12. Be3 Bd7 13. Bxc5 dxc5 14. Qd2 b5 15. Ng3 b4 16. Na4 Bb5 17. Rfe1 c4 18. Qe3 Ne8 19. Qb6 Nd6 20. Qxd8 Rfxd8 21. Nf1 f5 22. f3 fxe4 23. fxe4 Rf8 24. Nc5 Rf6 25. Ne3 h5 26. a4 Be8 27. Nf1 Rc8 28. Ne6 Bh6 29. h4 Nf7 30. Nh2 Bd7 31. Rf1 Rxf1+ 32. Rxf1 b3 33. Bb1 Bxa4 34. Rf6 Nh8 35. Nf1 Bc1 36. Ng5 Bxb2 37. Nd2 c3 38. Nxb3 Bxb3 39. Rc6 Rxc6 40. dxc6 Nf7 41. Nxf7 Kxf7 42. c7 Be6 43. Ba2 c2 44. Bxe6+ Ke7 45. c8Q c1Q+ 46. Qxc1 Bxc1 47. Bb3 g5 48. hxg5 Bxg5 49. g3 Kd6 50. Kf2 Kc5 51. Bd1 h4 52. gxh4 Bxh4+ 53. Ke3 Kb4 54. Kd2 Ka3 55. Bg4 Kb2 56. Bd7 Bf2 57. Kd3 Kb3 58. Be6+ Kb4 59. Kc2 a4 60. Kb2 a3+ 1/2-1/2

[Event "Klaipeda Sea op-A 17th"]
[Site "Klaipeda"]
[Date "2020.07.22"]
[Round "3"]
[White "Pocius, Vaclovas"]
[Black "Januseviciute, Donata"]
[Result "1-0"]
[WhiteElo "1714"]
[BlackElo "1520"]
[PlyCount "47"]
[EventDate "2020.07.20"]
[EventType "swiss"]
[EventRounds "7"]
[EventCountry "LTU"]
[SourceTitle "CBM 197 Extra"]
[Source "ChessBase"]
[SourceDate "2020.09.30"]
[SourceVersion "1"]
[SourceVersionDate "2020.09.30"]
[SourceQuality "1"]

1. Nf3 Nf6 2. Nc3 d5 3. d4 Bf5 4. Nh4 Bg6 5. Nxg6 hxg6 6. Bg5 e6 7. e4 dxe4 8. Qd2 Bb4 9. Bc4 c6 10. 0-0-0 Qa5 11. Bxf6 gxf6 12. Qe3 Bxc3 13. bxc3 f5 14. f3 exf3 15. d5 Qb6 16. Qe5 Rh4 17. dxe6 Rxc4 18. Qh8+ Ke7 19. exf7 Qe3+ 20. Kb1 Kxf7 21. Qh7+ Kf6 22. Rd6+ Ke5 23. Qe7+ Kf4 24. g3+ 1-0

[Event "Klaipeda Sea op-A 17th"]
[Site "Klaipeda"]
[Date "2020.07.20"]
[Round "1"]
[White "Pidluznij, Gleb"]
[Black "Januseviciute, Donata"]
[Result "0-1"]
[WhiteElo "2042"]
[BlackElo "1520"]
[PlyCount "124"]
[EventDate "2020.07.20"]
[EventType "swiss"]
[EventRounds "7"]
[EventCountry "LTU"]
[SourceTitle "CBM 197 Extra"]
[Source "ChessBase"]
[SourceDate "2020.09.30"]
[SourceVersion "1"]
[SourceVersionDate "2020.09.30"]
[SourceQuality "1"]

1. d4 d5 2. Bf4 Nf6 3. e3 Bg4 4. Nf3 e6 5. Be2 c5 6. c3 Nbd7 7. Nbd2 Be7 8. 0-0 Nh5 9. Be5 Nxe5 10. Nxe5 Bxe2 11. Qxe2 Nf6 12. Qb5+ Nd7 13. Qxb7 Nxe5 14. dxe5 0-0 15. Qb3 Qc7 16. Nf3 Rab8 17. Qc2 f6 18. exf6 Bxf6 19. Rab1 Qa5 20. a3 Qb5 21. Rfd1 Qb3 22. Qxb3 Rxb3 23. e4 Rfb8 24. exd5 exd5 25. Rxd5 Rxc3 26. Ne5 Rxb2 27. Rbd1 h6 28. Ng4 Bd4 29. h4 Rxa3 30. Re1 Rb8 31. Kh2 a5 32. f4 Rab3 33. Re7 R3b7 34. Re6 Rb6 35. Re7 R6b7 36. Re6 Kf7 37. Ra6 Rb5 38. f5 h5 39. Ne5+ Bxe5+ 40. Rxe5 c4 41. Ra7+ Kf6 42. Ree7 Kxf5 43. Rxg7 Ke4 44. Rac7 Kd3 45. Rgd7+ Kc3 46. Rf7 Rd5 47. Rf3+ Rd3 48. Rf1 Rb4 49. Rc1+ Kb3 50. Rb1+ Ka2 51. Rxb4 axb4 52. Rxc4 b3 53. Ra4+ Kb1 54. Ra5 Kc2 55. Rxh5 b2 56. Rb5 Rb3 57. Rc5+ Kd3 58. Rd5+ Ke4 59. Rd1 b1Q 60. Rxb1 Rxb1 61. Kg3 Kf5 62. Kf3 Rb3+ 0-1

[Event "Klaipeda Sea op-B 16th"]
[Site "Klaipeda"]
[Date "2019.07.24"]
[Round "3"]
[White "Griksaite, Leva"]
[Black "Januseviciute, Donata"]
[Result "0-1"]
[WhiteElo "1298"]
[BlackElo "1555"]
[PlyCount "95"]
[EventDate "2019.07.22"]
[EventType "swiss"]
[EventRounds "7"]
[EventCountry "LTU"]
[SourceTitle "CBM 191 Extra"]
[Source "ChessBase"]
[SourceDate "2019.09.30"]
[SourceVersion "1"]
[SourceVersionDate "2019.09.30"]
[SourceQuality "1"]

1. e4 e6 2. d4 d5 3. Nc3 Bb4 4. a3 Bxc3+ 5. bxc3 dxe4 6. Qg4 Nf6 7. Qxg7 Rg8 8. Qh6 Rg6 9. Qe3 b6 10. Ne2 Bb7 11. Nf4 Rg8 12. h3 Nbd7 13. Rg1 Rc8 14. Bb2 c5 15. 0-0-0 Qc7 16. Qd2 c4 17. g3 b5 18. Bg2 Nb6 19. Qe2 a5 20. Nh5 Nxh5 21. Qxh5 Rh8 22. Qxb5+ Bc6 23. Qxa5 f5 24. Qe5 Kf7 25. Qxc7+ Rxc7 26. Kd2 Na4 27. Rb1 Ra8 28. Ba1 Ra6 29. Bf1 Bd5 30. Rb4 Kf6 31. Be2 Kg5 32. h4+ Kf6 33. Ke3 Nb6 34. Bb2 Na4 35. Ra1 Rca7 36. Bxc4 Bxc4 37. Rxc4 Nxb2 38. Rb4 Na4 39. c4 Nb6 40. a4 Nxa4 41. Rab1 Nc3 42. R1b3 Na2 43. Rb5 Nc1 44. Rb1 Ra3+ 45. Kd2 Na2 46. R5b3 R3a4 47. c5 Rxd4+ 48. Ke3 0-1